000 01158nam a22002177a 4500
005 20220801142701.0
008 220801b ||||| |||| 00| 0 eng d
020 _a8178241161
040 _cAloy
041 _aeng
082 _223
_a968.092
_bDHUG
100 _aUma Dhupelia Mesthrie
_954188
245 _aGandhis prisoner:
_bThe life of Gandhis son Manilal
260 _aDelhi
_bPermanent Black
_c2005
300 _a419p.
_bHB
_c25x17cm.
365 _2History
520 _aDrawn from letters and interviews with family members, this biography yields a fascinating account of one of Gandhi's four sons, offering insights into Gandhi the father and illustrating the difficulties and successes Gandhi's heirs have had in continuing his legacy. This is the story of Gandhi's second son, Manilal Gandhi, who is often lost in the shadow of his father, but led a phenomenal life of his own. Following in his father's footsteps with regard to political involvement, Manilal struck out on his own as a young man and became an important South African journalist.
650 _aBiography
_954189
700 _aDHUPELIA MESTHRIE (Uma)
_954190
942 _2ddc
_cGF
999 _c224330
_d224330